Squatter settlements in Calcutta : (Record no. 20666)

MARC details
000 -LEADER
fixed length control field 00610nam a2200169Ia 4500
082 ## - DEWEY DECIMAL CLASSIFICATION NUMBER
Classification number RB.0163
100 ## - MAIN ENTRY--AUTHOR NAME
Personal name Bhattacharya, K.P.
245 #0 - TITLE STATEMENT
Title Squatter settlements in Calcutta :
Sub Title Population characteristics, socio economic conditions and special pattern of development
260 ## - PUBLICATION, DISTRIBUTION, ETC. (IMPRINT)
Year of publication 0
Name of publisher Centre for Human Settlements, Calcutta
300 ## - PHYSICAL DESCRIPTION
Number of Pages 56p.
650 ## - SUBJECT ADDED ENTRY--TOPICAL TERM
Topical Term CALCUTTA - POPULATION
650 ## - SUBJECT ADDED ENTRY--TOPICAL TERM
Topical Term SQUATTER SETTLEMENTS - WEST BENGAL - CALCUTTA
650 ## - SUBJECT ADDED ENTRY--TOPICAL TERM
Topical Term CITIES AND TOWNS///SQUATTER SETTLEMENTS
650 ## - SUBJECT ADDED ENTRY--TOPICAL TERM
Topical Term SLUMS///SQUATTER SETTLEMENTS
650 ## - SUBJECT ADDED ENTRY--TOPICAL TERM
Topical Term POPULATION///CALCUTTA - POPULATION
942 ## - ADDED ENTRY ELEMENTS (KOHA)
Koha item type Research Reports
Source of classification or shelving scheme Dewey Decimal Classification
Holdings
Withdrawn status Lost status Damaged status Not for loan Home library Current library Date acquired Bill Date Full call number Accession Number Price effective from Koha item type
        NASSDOC Library NASSDOC Library 08/10/2004 2008-12-30 RB.0163 33538 18/04/2019 Research Reports
        NASSDOC Library NASSDOC Library 08/10/2004 2008-12-30 RB.0163 33539 18/04/2019 Research Reports